000 nam a22 7a 4500
999 _c30226
_d30226
008 190508b xxu||||| |||| 00| 0 eng d
020 _a9780582312715
050 _aTX 911.3 .K56 1998
100 _aKnowles,Tim.
245 _aHospitality management /
_cTim Knowles.
250 _a2th ed.
260 _aEngland :
_bPearson Education Limited,
_c1998.
300 _axii,310p. :
_c 25cm.
500 _ainclude index.
650 _aHospitality industry
_vmanagement.
942 _2lcc
_cBOOKS
_hTX 911.3 .K56 1998